000 00500nam a2200205Ia 4500
008 240509s9999 xx 000 0 und d
020 _a0008120320972
041 _aEng
082 _a005.73
082 _bK68
100 _aKruse,R : Tondo,C.L: Leung,B:
245 0 _aData Structures and Program Design in C
250 _a2nd ed.
260 _bPrentice Hall:india
260 _c1997
300 _a671 p.
650 _aData Structures :Program Design :
942 _2ddc
942 _cRBK
999 _c23059
_d23059
945 _a1
_bMadushi Gamage
_c1
_dMadushi Gamage